00533nas a2200193 4500001001000000003000900010005001700019007000300036008003400039040005400073041000900127072000800136100001000144245005300154650001000207650002300217650001200240773008700252BR8302878BR-BrBNA20231205085537.0ta230509b bl.|||p| |||| 00| 00por d aBR-BrBNAbporcBiblioteca Nacional de Agricultura a(Pt) aP101 aAnon.1 aTratamento de agua em fazenda; uma medida viavel aUSINA aTRATAMENTO DA AGUA aFAZENDA0 tDirigente Rural (Brazil)xISSN 0012-3374g(Aug 1983), v. 22(8) p. 48-52wBR8302878